Najbardziej wartościowi piłkarze: Brazylia - Statystyki

Ogólne statystyki
  • Ten quiz został rozwiązany 437 razy
    343 od ostatniego zresetowania
  • Średni wynik to 10 z 20
Statystyki odpowiedzi
Wartość Klub Piłkarz % Poprawnych
128 mln PSG Neymar
99%
45 mln Real Madryt Vinicius Junior
78%
72 mln Liverpool Alisson
68%
64 mln Real Madryt Casemiro
64%
72 mln Liverpool Roberto Firmino
63%
45 mln Real Madryt Rodrygo
56%
56 mln Liverpool Fabinho
55%
56 mln Manchester City Gabriel Jesus
55%
52 mln Everton Richarlison
55%
56 mln Manchester City Ederson
54%
36 mln Real Madryt Eder Militao
48%
56 mln Bayern Monachium Philippe Coutinho
44%
52 mln PSG Marquinhos
40%
40 mln Juventus Alex Sandro
37%
32 mln Tottenham Lucas
32%
56 mln Juventus Arthur
31%
36 mln Ajax David Neres
25%
50 mln Atletico Madryt Renan Lodi
19%
40 mln Porto Alex Telles
17%
50 mln Sevilla Diego Carlos
17%
Nie znaleziono quizów pasujących do podanych kryteriów
Rozkład punktacji
Procent ludzi z każdym wynikiem
Percentyl według liczby udzielonych odpowiedzi
Twoja historia wyników
Nie rozwiązałeś tego quizu od ostatniego zresetowania